Vela ligera en 60 lecciones / (Record no. 103866)

MARC details
000 -LEADER
campo de control de longitud fija 00654nam a2200193 i 4500
001 - NÚMERO DE CONTROL
campo de control 103866
003 - IDENTIFICADOR DE NÚMERO DE CONTROL
campo de control ES-MaACL
005 - FECHA Y HORA DE LA ÚLTIMA TRANSACCIÓN
campo de control 20230906183448.0
007 - CAMPO FIJO DE DESCRIPCIÓN FÍSICA--INFORMACIÓN GENERAL
campo de control de longitud fija t|
008 - DATOS DE LONGITUD FIJA--INFORMACIÓN GENERAL
campo de control de longitud fija 051118s1967 sp ||||1| spa d
100 1# - ENTRADA PRINCIPAL--NOMBRE DE PERSONA
Nombre de persona Merrien, Jean.
9 (RLIN) 80597
245 10 - MENCIÓN DEL TÍTULO
Título Vela ligera en 60 lecciones /
Mención de responsabilidad, etc. Jean Merrien ; ilustrado por Bernard Duval; versión José Mª Prim; prólogo Carlos Pena Cardenal.
260 ## - PUBLICACIÓN, DISTRIBUCIÓN, ETC.
Lugar de publicación, distribución, etc. Barcelona :
Nombre del editor, distribuidor, etc. Marcombo,
Fecha de publicación, distribución, etc. 1967.
300 ## - DESCRIPCIÓN FÍSICA
Extensión 193 p. con 4 lám. :
Otras características físicas il. ;
Dimensiones 25 cm.
700 1# - ENTRADA AGREGADA--NOMBRE PERSONAL
Nombre de persona Duval, Bernard.
9 (RLIN) 46368
700 1# - ENTRADA AGREGADA--NOMBRE PERSONAL
Nombre de persona Pena Cardenal, Carlos.
9 (RLIN) 90139
700 0# - ENTRADA AGREGADA--NOMBRE PERSONAL
Nombre de persona Prim, José María.
9 (RLIN) 93963
852 ## - LOCALIZACIÓN
Ubicación ES-MaACL
Número de control de estantería C-34012
Sublocalización o colección R.64749
Holdings
Estatus retirado Estado de pérdida Estado de daño No para préstamo Biblioteca de origen Biblioteca actual Ubicación en estantería Fecha de adquisición Fuente de adquisición Total de préstamos Signatura topográfica completa Código de barras Visto por última vez Precio de reemplazo Tipo de ítem Koha
        Biblioteca del Ateneo de Madrid Biblioteca del Ateneo de Madrid Depósito 2 17/01/2008     C-34012 1108441 23/02/2023 23/02/2023 Libro impreso